000 00291nam a22001337a 4500
008 170210b xxu||||| |||| 00| 0 eng d
020 _a0877054894
041 _aeng
080 _a61
100 _a4
101 _aSHM
245 _aHANDBOOK OF HEALTH CAREERS
_cNASSIF, J.ZH
942 _2udc
_cBK
999 _c5087
_d5087